000
00318nam a22001337a 4500
005
20230816091715.0
008
230816b |||||||| |||| 00| 0 eng d
040
_a
Loreto college
041
_a
English
082
_a
820
_b
RIC
245
_a
Voices and books in the english renaissance
850
_a
LCLIB
942
_c
BK
999
_c
43451
_d
93930